Transporte y almacenamiento de materias primas en la industria básica

Պահպանված է:
Մատենագիտական մանրամասներ
Հիմնական հեղինակներ: Targhetta Arriola, L (Հեղինակ), López Roa, A (Հեղինակ)
Ձևաչափ: Գիրք
Լեզու:իսպաներեն
Հրապարակվել է: Madrid Blume 1970
Խորագրեր:
Ցուցիչներ: Ավելացրեք ցուցիչ
Չկան պիտակներ, Եղեք առաջինը, ով նշում է այս գրառումը!

MARC

LEADER 00000nam a2200000 a 4500
001 UCU6655
003 CL-VaPUC
008 960621e19700000SP |||||||||||||||||spa|d
082 0 4 |a 388.041  |b TAR  |2 21 
100 0 |a Targhetta Arriola, L  |e author  |9 364958 
700 0 |a López Roa, A  |e author  |9 364959 
245 1 0 |a Transporte y almacenamiento de materias primas en la industria básica 
300 |a v 
942 |c BK 
945 |d 19960621 00:00:00  |a paguirre 
260 |a Madrid  |b Blume  |c 1970 
650 7 |a TRANSPORTE DE MATERIALES  |2 CL-VaPUC  |9 267274 
650 7 |a TRANSPORTE CONTINUO  |2 CL-VaPUC  |9 364960 
650 7 |a TRANSPORTE  |2 CL-VaPUC  |9 256365 
650 7 |a SECTOR INDUSTRIAL  |2 CL-VaPUC  |9 346302 
650 0 |a Maquinaria  |9 260482 
650 7 |a TRANSPORTE POR CARRETERA  |2 CL-VaPUC  |9 364961 
650 0 |a Transporte Ferroviario  |9 353259 
650 0 |a Transporte marítimo  |9 260127 
650 7 |a SERVICIOS DE TRANSPORTE  |2 CL-VaPUC  |9 358013 
583 |a last modification  |c 19960621 00:00:00  |k Rodrigo Vera 
999 |c 249495  |d 249493 
952 |0 0  |1 0  |4 0  |6 388_041000000000000_TAR_1970  |7 0  |8 A  |9 266772  |a BIBING  |b BIBING  |d 2019-11-19  |h v.1  |i 1692968  |o 388.041 TAR 1970  |p 1692968  |r 2025-01-20  |w 2019-11-19  |y BK  |k TRA 
952 |0 0  |1 0  |4 0  |6 388_041000000000000_TAR_1970  |7 0  |8 A  |9 266773  |a BIBMEC  |b BIBMEC  |d 2019-11-19  |h v.1  |i 3296075  |o 388.041 TAR 1970  |p 3296075  |r 2024-01-19  |w 2019-11-19  |y BK  |k MEC